[Event "ESP-ch Rapid"]
[Site "Linares"]
[Date "2023.08.19"]
[Round "5"]
[White "Fernandez Borrego, Pablo"]
[Black "Martinez Reyes, Pedro Ramon"]
[Result "0-1"]
[WhiteElo "2410"]
[BlackElo "2354"]
[PlyCount "106"]
[EventDate "2023.08.19"]
[EventType "swiss (rapid)"]
[EventRounds "10"]
[EventCountry "ESP"]
[SourceTitle "CBM 215 Extra"]
[Source "ChessBase"]
[SourceDate "2023.09.30"]
[SourceVersion "1"]
[SourceVersionDate "2023.09.30"]
[SourceQuality "1"]

1. e4 e6 2. d4 d5 3. e5 c5 4. c3 Nc6 5. Nf3 Bd7 6. a3 c4 7. Be3 Nge7 8. g3 Na5 9. Nbd2 Nc8 10. h4 Nb6 11. Bh3 Ba4 12. Qc1 h6 13. h5 Be7 14. 0-0 Qc7 15. Ne1 Qc6 16. Ng2 0-0-0 17. Rb1 Kb8 18. Nf3 Qe8 19. Qd2 Qg8 20. Nh2 Qh7 21. f4 Bc2 22. Rbe1 Bd3 23. f5 exf5 24. Rf2 g5 25. hxg6 fxg6 26. Nf4 Be4 27. Ne6 Rc8 28. Nc5 Nb3 29. Nxb3 cxb3 30. Qd1 Nc4 31. Qxb3 Bg5 32. Bf4 Rc6 33. Qd1 Bxf4 34. gxf4 g5 35. b3 g4 36. bxc4 gxh3 37. cxd5 Rg8+ 38. Kf1 Bxd5 39. Re3 Rcg6 40. Ke2 Qc7 41. Qa4 Rb6 42. Kd3 Rc8 43. Qc2 Bb3 44. Qc1 Bd5 45. Rxh3 Be4+ 46. Kd2 Qc4 47. Nf1 Rb1 48. Qxb1 Bxb1 49. Ke1 Bd3 50. Rff3 Qxc3+ 51. Kf2 Qb2+ 52. Kg3 Rg8+ 53. Kh4 Bxf1 0-1

[Event "Barbera del Valles op 45th"]
[Site "Barbera del Valles"]
[Date "2023.07.09"]
[Round "6"]
[White "Cuartas, Jaime Alexander"]
[Black "Fernandez Borrego, Pablo"]
[Result "1-0"]
[WhiteElo "2526"]
[BlackElo "2402"]
[PlyCount "125"]
[EventDate "2023.07.04"]
[EventType "swiss"]
[EventRounds "9"]
[EventCountry "ESP"]
[SourceTitle "CBM 215 Extra"]
[Source "ChessBase"]
[SourceDate "2023.09.30"]
[SourceVersion "1"]
[SourceVersionDate "2023.09.30"]
[SourceQuality "1"]

1. e4 c5 2. Nf3 e6 3. c4 d6 4. d4 cxd4 5. Nxd4 Nf6 6. Nc3 Be7 7. Be2 a6 8. 0-0 0-0 9. Be3 Qc7 10. Rc1 b6 11. f3 Bb7 12. Qd2 Nbd7 13. Rfd1 Rfe8 14. Kh1 Rac8 15. Bg1 Qb8 16. Bf1 Bd8 17. Nc2 Bc7 18. Ne3 Ne5 19. a4 Rcd8 20. Qf2 Nc6 21. Qc2 Rd7 22. Rd2 Red8 23. Rcd1 Qa8 24. b3 h6 25. Qb2 Ne7 26. Ne2 Ng6 27. b4 b5 28. cxb5 axb5 29. a5 d5 30. exd5 Be5 31. Qa3 Nxd5 32. Nxd5 Bxd5 33. Nc3 Bxc3 34. Qxc3 Nh4 35. Bb6 Rc8 36. Bc5 Qc6 37. Kg1 Nf5 38. Qe5 f6 39. Qe1 Kf7 40. Bd3 Nd6 41. Qg3 g5 42. Bxd6 Rxd6 43. Bxb5 Qc7 44. Bf1 Rcd8 45. Qf2 Rb8 46. Rc2 Qd8 47. Qc5 Rd7 48. a6 h5 49. h3 g4 50. hxg4 hxg4 51. fxg4 Qg8 52. Rf2 Qxg4 53. Rd4 Qh5 54. Rd3 Qg5 55. Rh3 Kg8 56. b5 Rg7 57. b6 Qg4 58. Kh2 f5 59. Qd6 Re8 60. b7 f4 61. b8Q Qg3+ 62. Rxg3 fxg3+ 63. Qxg3 1-0

[Event "Barbera del Valles op 45th"]
[Site "Barbera del Valles"]
[Date "2023.07.04"]
[Round "1"]
[White "Fernandez Borrego, Pablo"]
[Black "Lambert Pont, Michael"]
[Result "1-0"]
[WhiteElo "2402"]
[BlackElo "2006"]
[PlyCount "93"]
[EventDate "2023.07.04"]
[EventType "swiss"]
[EventRounds "9"]
[EventCountry "ESP"]
[SourceTitle "CBM 215 Extra"]
[Source "ChessBase"]
[SourceDate "2023.09.30"]
[SourceVersion "1"]
[SourceVersionDate "2023.09.30"]
[SourceQuality "1"]

1. e4 c5 2. Nf3 Nc6 3. Nc3 g6 4. h4 h5 5. Bc4 Bg7 6. a3 d6 7. Ng5 Nh6 8. d3 0-0 9. Bf4 Bd7 10. f3 Ne5 11. Ba2 e6 12. Qd2 b5 13. Ne2 a5 14. c3 Qb6 15. 0-0 c4+ 16. Be3 Qc7 17. d4 Nd3 18. Bb1 e5 19. Bxd3 cxd3 20. Qxd3 f6 21. Nh3 Bxh3 22. gxh3 b4 23. axb4 Qc8 24. Kh2 axb4 25. cxb4 Rxa1 26. Rxa1 f5 27. Bxh6 Bxh6 28. dxe5 dxe5 29. exf5 Qxf5 30. Qxf5 gxf5 31. Ra6 Bd2 32. Re6 e4 33. fxe4 f4 34. Nd4 Bxb4 35. Kg2 Kf7 36. Re5 Rg8+ 37. Rg5 Rd8 38. Rf5+ Kg6 39. Rd5 Rxd5 40. exd5 Kf6 41. Kf3 Bd6 42. Ke4 Be5 43. b3 Bd6 44. Nf3 Bc7 45. b4 Bd6 46. b5 Bc7 47. Nd4 1-0

[Event "ESP-chT CECLUB Div2"]
[Site "Linares"]
[Date "2016.08.18"]
[Round "4"]
[White "Fernandez Borrego, Pablo"]
[Black "Navarro Ortiz de Orruno, Borja"]
[Result "1-0"]
[WhiteElo "2430"]
[BlackElo "2324"]
[PlyCount "115"]
[EventDate "2016.08.16"]
[EventType "team"]
[EventRounds "6"]
[EventCountry "ESP"]
[SourceTitle "CBM 174 Extra"]
[Source "ChessBase"]
[SourceDate "2016.10.10"]
[SourceVersion "1"]
[SourceVersionDate "2016.10.10"]
[SourceQuality "1"]
[WhiteTeam "Circulo Ferrolano"]
[BlackTeam "Casino Beniajan DuoChess"]
[WhiteTeamCountry "ESP"]
[BlackTeamCountry "ESP"]

1. e4 e6 2. d4 d5 3. Nc3 dxe4 4. Nxe4 Be7 5. Nf3 Nf6 6. Nxf6+ Bxf6 7. Bc4 Bd7 8. c3 Bc6 9. Bf4 Nd7 10. Qe2 0-0 11. 0-0-0 Bxf3 12. Qxf3 Bg5 13. Be3 c6 14. h4 Bxe3+ 15. fxe3 b5 16. Bb3 c5 17. dxc5 Qc7 18. c6 Ne5 19. Qf4 Rac8 20. Bc2 Nxc6 21. Qe4 g6 22. h5 Qe5 23. hxg6 hxg6 24. Qh4 Qg7 25. Rd7 Rfd8 26. Rxd8+ Rxd8 27. Be4 g5 28. Qg3 Qe5 29. Qg4 Ne7 30. Rh5 Kf8 31. Rxg5 Qh2 32. Rh5 Qg1+ 33. Kc2 Ke8 34. Qe2 a6 35. Rh8+ Kd7 36. Qd2+ Nd5 37. Rxd8+ Kxd8 38. Bxd5 exd5 39. e4 Ke7 40. exd5 Qf1 41. d6+ Kd7 42. Qd5 a5 43. Kb3 f6 44. a4 bxa4+ 45. Kxa4 Qa1+ 46. Kb3 a4+ 47. Kc2 Qf1 48. c4 Qe2+ 49. Kb1 Qe1+ 50. Ka2 Qc1 51. c5 Qc2 52. Ka3 f5 53. c6+ Qxc6 54. Qxc6+ Kxc6 55. Kxa4 Kxd6 56. b4 f4 57. b5 Kc7 58. Kb4 1-0

[Event "ESP-ch rapid"]
[Site "Linares"]
[Date "2016.08.14"]
[Round "5"]
[White "Fernandez Borrego, Pablo"]
[Black "Forcen Esteban, Daniel"]
[Result "1-0"]
[WhiteElo "2430"]
[BlackElo "2561"]
[PlyCount "82"]
[EventDate "2016.08.14"]
[EventType "swiss (rapid)"]
[EventRounds "9"]
[EventCountry "ESP"]
[SourceTitle "CBM 173 Extra"]
[Source "ChessBase"]
[SourceDate "2016.08.29"]
[SourceVersion "1"]
[SourceVersionDate "2016.08.29"]
[SourceQuality "1"]

1. e4 c5 2. Nf3 e6 3. d4 cxd4 4. Nxd4 Nc6 5. Nc3 d6 6. g3 a6 7. Bg2 Bd7 8. 0-0 Be7 9. Nb3 Nf6 10. Qe2 Qc7 11. f4 0-0 12. g4 Rfd8 13. g5 Ne8 14. Rf3 g6 15. Rh3 b5 16. a3 Na5 17. f5 Nc4 18. Bf4 Bc6 19. Re1 Bf8 20. fxe6 fxe6 21. Nd4 Bd7 22. Be3 Rac8 23. Qf2 Nxe3 24. Qh4 h5 25. gxh6 Nxg2 26. Qf2 Be7 27. Qxg2 g5 28. Rf1 Qc5 29. Nce2 Nc7 30. b4 Qe5 31. Nf3 Qxe4 32. Ng3 Qe3+ 33. Kh1 Bc6 34. Nh5 Rf8 35. Rg3 Kh8 36. c4 e5 37. h4 g4 38. Rxg4 Rxf3 39. Kh2 Rxf1 40. Re4 Bf8 41. cxb5 axb5 1-0

[Event "ESP-ch rapid"]
[Site "Linares"]
[Date "2016.08.14"]
[Round "3"]
[White "Fernandez Borrego, Pablo"]
[Black "Suarez Garcia, Carlos"]
[Result "0-1"]
[WhiteElo "2430"]
[BlackElo "2426"]
[PlyCount "57"]
[EventDate "2016.08.14"]
[EventType "swiss (rapid)"]
[EventRounds "9"]
[EventCountry "ESP"]
[SourceTitle "CBM 173 Extra"]
[Source "ChessBase"]
[SourceDate "2016.08.29"]
[SourceVersion "1"]
[SourceVersionDate "2016.08.29"]
[SourceQuality "1"]

1. e4 e6 2. d4 d5 3. Nc3 Bb4 4. e5 c5 5. Bd2 Nh6 6. Bxh6 gxh6 7. Nf3 Nc6 8. a3 Ba5 9. Bb5 Bxc3+ 10. bxc3 Qa5 11. Qd3 Bd7 12. dxc5 Nxe5 13. Nxe5 Bxb5 14. Qf3 Qc7 15. Qf6 Rg8 16. c4 Bxc4 17. Nxc4 dxc4 18. 0-0 Qe7 19. Qd4 Rg5 20. c6 bxc6 21. Rfd1 Kf8 22. Qh8+ Rg8 23. Qxh7 Qg5 24. g3 Rg6 25. Rd4 c5 26. Rd8+ Rxd8 27. Kg2 c3 28. Kf3 Ke8 29. Ke4 0-1

[Event "ESP-ch rapid"]
[Site "Linares"]
[Date "2016.08.14"]
[Round "6"]
[White "Perera Borrego, Mariela"]
[Black "Fernandez Borrego, Pablo"]
[Result "1/2-1/2"]
[WhiteElo "2157"]
[BlackElo "2430"]
[PlyCount "173"]
[EventDate "2016.08.14"]
[EventType "swiss (rapid)"]
[EventRounds "9"]
[EventCountry "ESP"]
[SourceTitle "CBM 173 Extra"]
[Source "ChessBase"]
[SourceDate "2016.08.29"]
[SourceVersion "1"]
[SourceVersionDate "2016.08.29"]
[SourceQuality "1"]

1. d4 e6 2. c4 Bb4+ 3. Nc3 b6 4. a3 Bxc3+ 5. bxc3 Bb7 6. f3 f5 7. e3 Nf6 8. Bd3 0-0 9. Ne2 Nc6 10. a4 Ne7 11. Ba3 d6 12. Qc2 Qd7 13. h4 c5 14. h5 e5 15. d5 e4 16. fxe4 fxe4 17. Bxe4 Nxe4 18. Qxe4 Rae8 19. Qe6+ Qxe6 20. dxe6 Nf5 21. 0-0 Rxe6 22. Bc1 Ba6 23. Nf4 Ree8 24. Re1 Ng3 25. a5 Bxc4 26. axb6 axb6 27. Rd1 Ne4 28. Ra7 Rf7 29. Rxf7 Kxf7 30. Bb2 Ra8 31. Ra1 Rxa1+ 32. Bxa1 g5 33. hxg6+ hxg6 34. Kh2 Kf6 35. g4 b5 36. Kg2 Kg5 37. Kf3 Nd2+ 38. Kg3 Nf1+ 39. Kf3 Nh2+ 40. Kg3 Nf1+ 41. Kf3 Kf6 42. e4 g5 43. Ng2 Ke5 44. Bb2 Nd2+ 45. Ke3 Nxe4 46. Ne1 d5 47. Nf3+ Kd6 48. Ne1 Bb3 49. Nd3 Bd1 50. Ba3 Bxg4 51. Nxc5 Nxc5 52. Kd4 Be2 53. Bxc5+ Ke6 54. Ba7 Bc4 55. Bb8 Kf5 56. Ke3 Kg4 57. Bd6 Kf5 58. Kf3 g4+ 59. Ke3 Bb3 60. Bg3 Ke6 61. Kd4 Kd7 62. Kc5 Bc4 63. Bf4 Ke6 64. Kd4 Kf6 65. Bg3 Kf5 66. Ke3 Ke6 67. Kd4 Kd7 68. Kc5 Ke7 69. Kd4 Kd8 70. Bf4 Kc8 71. Kc5 Kb7 72. Bg3 Ka6 73. Kb4 Kb6 74. Bf2+ Kc6 75. Bg3 d4 76. cxd4 Kd5 77. Bf2 Be2 78. Bg1 g3 79. Kc3 Ke4 80. Kb4 Bc4 81. Kc5 Kd3 82. d5 Bxd5 83. Kxb5 Ke2 84. Kc5 Kf1 85. Be3 Bf3 86. Kd4 g2 87. Ke5 1/2-1/2

[Event "Iberoamerican-ch 6th"]
[Site "Bilbao"]
[Date "2015.11.03"]
[Round "9"]
[White "Fernandez Borrego, Pablo"]
[Black "Prieto Aranguren, Alain"]
[Result "1-0"]
[WhiteElo "2410"]
[BlackElo "2081"]
[PlyCount "57"]
[EventDate "2015.10.26"]
[EventType "swiss"]
[EventRounds "9"]
[EventCountry "ESP"]
[SourceTitle "CBM 169 Extra"]
[Source "ChessBase"]
[SourceDate "2015.12.18"]
[SourceVersion "1"]
[SourceVersionDate "2015.12.18"]
[SourceQuality "1"]

1. e4 c6 2. d4 d5 3. e5 Bf5 4. Nc3 e6 5. g4 Bg6 6. Nge2 c5 7. h4 h5 8. Nf4 Bh7 9. Nxh5 cxd4 10. Nb5 Nc6 11. Nxd4 Nxe5 12. Bg5 Qb6 13. Rh3 Nc6 14. Nxc6 bxc6 15. Rb3 Qa5+ 16. c3 f6 17. Be3 e5 18. Bd3 e4 19. Be2 Bg6 20. Rb7 Bxh5 21. gxh5 Bd6 22. Bb5 Ne7 23. Qg4 f5 24. Rxe7+ Kxe7 25. Qxg7+ Ke6 26. Bxc6 Be7 27. Bd4 Qd8 28. Qe5+ Kf7 29. Bxd5+ 1-0

[Event "Ourense Campus 2nd"]
[Site "Ourense"]
[Date "2015.07.11"]
[Round "8.6"]
[White "Portela Peleteiro, Alberto"]
[Black "Fernandez Borrego, Pablo"]
[Result "1/2-1/2"]
[WhiteElo "2105"]
[BlackElo "2378"]
[PlyCount "135"]
[EventDate "2015.07.06"]
[EventType "swiss"]
[EventRounds "9"]
[EventCountry "ESP"]
[SourceTitle "EXT 2024"]
[Source "ChessBase"]
[SourceDate "2023.10.10"]
[SourceVersion "1"]
[SourceVersionDate "2023.10.10"]
[SourceQuality "1"]

1. e4 c5 2. Nf3 Nc6 3. d4 cxd4 4. Nxd4 g6 5. Nc3 Bg7 6. Nb3 Bxc3+ 7. bxc3 Nf6 8. Bd3 d5 9. exd5 Qxd5 10. 0-0 Bf5 11. c4 Qd7 12. Rb1 b6 13. Qf3 Bxd3 14. cxd3 0-0 15. Bb2 Rac8 16. Rbd1 Qg4 17. Qxg4 Nxg4 18. Rfe1 Nh6 19. Ba3 Nf5 20. d4 Nd6 21. d5 Nxc4 22. Bxe7 Nxe7 23. Rxe7 a5 24. d6 Kg7 25. d7 Ra8 26. Nd4 Nd6 27. Nc6 Nb7 28. g3 b5 29. Re5 Nd8 30. Nxd8 Rfxd8 31. Rxb5 a4 32. h4 Kf6 33. Rb4 Ra7 34. Rdd4 a3 35. Rb3 h6 36. Rdd3 Rdxd7 37. Rxd7 Rxd7 38. Rxa3 Rd2 39. Kg2 Kg7 40. Ra6 Rc2 41. Ra5 Rc3 42. a4 Ra3 43. g4 Kh7 44. f3 Kg7 45. Kg3 Kh7 46. Kf4 Kg7 47. Ra7 g5+ 48. hxg5 hxg5+ 49. Kxg5 Rxf3 50. Rb7 Rc3 51. Rb5 f6+ 52. Kf5 Rf3+ 53. Ke4 Rg3 54. Kf4 Ra3 55. Rb4 Kg6 56. Ke4 Kg5 57. Kd5 f5 58. gxf5 Kxf5 59. Kc6 Ke6 60. Kb6 Kd7 61. Rc4 Rb3+ 62. Ka6 Rb1 63. a5 Rb2 64. Ka7 Rb1 65. a6 Rb2 66. Ka8 Rb1 67. a7 Rb2 68. Rc5 1/2-1/2

[Event "Ourense Campus 2nd"]
[Site "Ourense"]
[Date "2015.07.09"]
[Round "5.6"]
[White "Fernandez Borrego, Pablo"]
[Black "Gomez Dominguez, Xabier"]
[Result "1-0"]
[WhiteElo "2378"]
[BlackElo "2102"]
[PlyCount "79"]
[EventDate "2015.07.06"]
[EventType "swiss"]
[EventRounds "9"]
[EventCountry "ESP"]
[SourceTitle "EXT 2024"]
[Source "ChessBase"]
[SourceDate "2023.10.10"]
[SourceVersion "1"]
[SourceVersionDate "2023.10.10"]
[SourceQuality "1"]

1. e4 c5 2. Nf3 Nc6 3. Bb5 g6 4. 0-0 Bg7 5. Re1 e5 6. c3 Nge7 7. d4 cxd4 8. Bg5 0-0 9. cxd4 Qb6 10. Bxc6 Nxc6 11. d5 Nd4 12. Nxd4 exd4 13. Nd2 Re8 14. Nc4 Qa6 15. Rc1 b5 16. Na3 Qb6 17. Bf4 Ba6 18. Bc7 Qb7 19. Bd6 b4 20. Nc2 b3 21. axb3 Qxb3 22. Nxd4 Qxb2 23. e5 Rac8 24. Rb1 Qa2 25. Nf3 Rc3 26. Ra1 Qc4 27. Ra4 Rc1 28. Qxc1 Qxa4 29. Qc5 Bb7 30. h3 Qb3 31. Qxa7 Qxd5 32. Rb1 Bc8 33. Rb8 Qc6 34. Qc7 Qxc7 35. Bxc7 f6 36. Nd4 Kf7 37. Nb5 Bf8 38. Bd6 Bh6 39. Bb4 Rxe5 40. Nd6+ 1-0

[Event "Sanxenxo Carlos op 7th"]
[Site "Sanxenxo"]
[Date "2015.06.26"]
[Round "7"]
[White "Strikovic, Aleksa"]
[Black "Fernandez Borrego, Pablo"]
[Result "1/2-1/2"]
[WhiteElo "2506"]
[BlackElo "2378"]
[PlyCount "60"]
[EventDate "2015.06.20"]
[EventType "swiss"]
[EventRounds "9"]
[EventCountry "ESP"]
[SourceTitle "CBM 167 Extra"]
[Source "ChessBase"]
[SourceDate "2015.09.14"]
[SourceVersion "1"]
[SourceVersionDate "2015.09.14"]
[SourceQuality "1"]

1. e4 e6 2. d3 c5 3. Nf3 Nc6 4. g3 d5 5. Nbd2 Bd6 6. Bg2 Nge7 7. 0-0 0-0 8. Re1 Qc7 9. c3 Bd7 10. Nh4 f5 11. f4 fxe4 12. dxe4 c4 13. exd5 exd5 14. Nf1 d4 15. cxd4 Nxd4 16. Be3 Ndf5 17. Nxf5 Nxf5 18. Qd5+ Kh8 19. Bf2 Bc6 20. Qxc4 Nh4 21. gxh4 Rxf4 22. Qc2 Raf8 23. Bg3 Qb6+ 24. Kh1 Rf3 25. Qc1 Rxg3 26. Nxg3 Bxg2+ 27. Kxg2 Qf2+ 28. Kh3 Bxg3 29. hxg3 Qf5+ 30. Kg2 Qf3+ 1/2-1/2

[Event "Sanxenxo Carlos op 7th"]
[Site "Sanxenxo"]
[Date "2015.06.25"]
[Round "6"]
[White "Fernandez Borrego, Pablo"]
[Black "Gomez Dieguez, David"]
[Result "1-0"]
[WhiteElo "2378"]
[BlackElo "2152"]
[PlyCount "97"]
[EventDate "2015.06.20"]
[EventType "swiss"]
[EventRounds "9"]
[EventCountry "ESP"]
[SourceTitle "CBM 167 Extra"]
[Source "ChessBase"]
[SourceDate "2015.09.14"]
[SourceVersion "1"]
[SourceVersionDate "2015.09.14"]
[SourceQuality "1"]

1. Nf3 Nc6 2. d4 d5 3. Bf4 Nf6 4. Nbd2 Bg4 5. h3 Bh5 6. c3 e6 7. g3 Bd6 8. Bxd6 cxd6 9. Bg2 Bxf3 10. Bxf3 0-0 11. 0-0 b5 12. e3 Qb6 13. b3 Rfc8 14. a4 Na5 15. axb5 Rxc3 16. b4 Nc4 17. Nxc4 Rxc4 18. Be2 Qxb5 19. Bxc4 dxc4 20. Qa4 Rb8 21. Qxa7 Qxb4 22. Ra4 Qb3 23. Rxc4 h6 24. Rc7 Rf8 25. Qb7 Qa3 26. Rc8 Rxc8 27. Qxc8+ Kh7 28. Qf8 Kg6 29. Rb1 Ne4 30. h4 Qa2 31. Rf1 Qe2 32. Qc8 Nd2 33. Qc2+ Kf6 34. Rc1 Nf3+ 35. Kh1 Nd2 36. Rd1 Qf3+ 37. Kg1 Ne4 38. Re1 d5 39. Qe2 Qf5 40. Kg2 Nc3 41. Qf3 Qxf3+ 42. Kxf3 h5 43. Kg2 Kg6 44. Rc1 Ne4 45. Rc6 Kf6 46. f3 Nd2 47. Kf2 Kg6 48. Ke2 Nb3 49. Ra6 1-0

[Event "ESP-chT CECLUB Div2"]
[Site "Linares"]
[Date "2014.08.22"]
[Round "6.8"]
[White "Fernandez Borrego, Pablo"]
[Black "Serna Lara, Sergio"]
[Result "1/2-1/2"]
[WhiteElo "2343"]
[BlackElo "2260"]
[PlyCount "88"]
[EventDate "2014.08.18"]
[EventType "team-swiss"]
[EventRounds "6"]
[EventCountry "ESP"]
[SourceTitle "CBM 162 Extra"]
[Source "ChessBase"]
[SourceDate "2014.10.17"]
[SourceVersion "1"]
[SourceVersionDate "2014.10.17"]
[SourceQuality "1"]
[WhiteTeam "Ferrolano Circulo"]
[BlackTeam "Tarazona"]
[WhiteTeamCountry "ESP"]
[BlackTeamCountry "ESP"]

1. e4 e6 2. Nc3 d5 3. d4 Nf6 4. Bg5 Bb4 5. e5 h6 6. Bc1 Ne4 7. Qg4 Kf8 8. Nge2 c5 9. a3 cxd4 10. axb4 dxc3 11. Nxc3 Nxc3 12. bxc3 Qc7 13. Qg3 Nd7 14. f4 Nb6 15. Be2 Nc4 16. 0-0 Bd7 17. Bd3 g6 18. Qh4 Be8 19. Qf6 Kg8 20. Re1 a6 21. f5 exf5 22. e6 fxe6 23. Bxc4 dxc4 24. Rxe6 Qg7 25. Qxg7+ Kxg7 26. Re7+ Bf7 27. Rxb7 g5 28. Be3 Rhe8 29. Bd4+ Kg6 30. Rb6+ Re6 31. Ra5 Rxb6 32. Bxb6 Be8 33. Rd5 Rc8 34. Rd6+ Kh5 35. Bd4 Bb5 36. Kf2 Rc6 37. Rd5 f4 38. Re5 Kg6 39. Re7 Ba4 40. Re2 Kf5 41. Re5+ Kg6 42. Re2 Kf5 43. Re5+ Kg6 44. Re2 Kf5 1/2-1/2

[Event "ESP-chT CECLUB Div2"]
[Site "Linares"]
[Date "2014.08.20"]
[Round "4.8"]
[White "Tejedor Fuente, Enrique"]
[Black "Fernandez Borrego, Pablo"]
[Result "0-1"]
[WhiteElo "2293"]
[BlackElo "2343"]
[PlyCount "74"]
[EventDate "2014.08.18"]
[EventType "team-swiss"]
[EventRounds "6"]
[EventCountry "ESP"]
[SourceTitle "CBM 162 Extra"]
[Source "ChessBase"]
[SourceDate "2014.10.17"]
[SourceVersion "1"]
[SourceVersionDate "2014.10.17"]
[SourceQuality "1"]
[WhiteTeam "Salcedo Pielagos"]
[BlackTeam "Ferrolano Circulo"]
[WhiteTeamCountry "ESP"]
[BlackTeamCountry "ESP"]

1. e4 e6 2. d4 d5 3. Nc3 Bb4 4. e5 c5 5. Bd2 Ne7 6. Nce2 Bxd2+ 7. Qxd2 Nbc6 8. f4 b6 9. Nf3 Ba6 10. c3 Nf5 11. Ng3 Nxg3 12. hxg3 Bxf1 13. Rxf1 Qe7 14. Kf2 Rc8 15. Rac1 0-0 16. Qc2 cxd4 17. cxd4 g6 18. Qd2 Qb4 19. Rc3 Na5 20. f5 exf5 21. Qh6 Qxb2+ 22. Kg1 Qxc3 23. Ng5 Qe3+ 24. Kh2 Qxg5 25. Qxg5 Nc6 26. Rf4 Nd8 27. Rh4 h5 28. Qe7 Ne6 29. Qxa7 Ra8 30. Qxb6 Rxa2 31. Rf4 Rc8 32. Qb7 Rc1 33. Qb8+ Kg7 34. Rf3 Raa1 35. g4 h4 36. g3 Ra5 37. Qa8 Rxa8 0-1

[Event "Ourense op"]
[Site "Ourense"]
[Date "2014.07.13"]
[Round "9"]
[White "Fernandez Borrego, Pablo"]
[Black "Larino Nieto, David"]
[Result "0-1"]
[WhiteElo "2341"]
[BlackElo "2459"]
[PlyCount "94"]
[EventDate "2014.07.07"]
[EventType "swiss"]
[EventRounds "9"]
[EventCountry "ESP"]
[SourceTitle "EXT 2016"]
[Source "ChessBase"]
[SourceDate "2015.10.08"]
[SourceVersion "1"]
[SourceVersionDate "2015.10.08"]
[SourceQuality "1"]

1. Nf3 Nf6 2. g3 c5 3. c4 d5 4. Bg2 d4 5. b4 cxb4 6. a3 b3 7. Qxb3 Nc6 8. 0-0 e5 9. d3 Nd7 10. Nfd2 Be7 11. Qc2 h5 12. Nb3 h4 13. e3 a5 14. a4 Nb4 15. Qe2 Nc5 16. Nxc5 Bxc5 17. e4 hxg3 18. fxg3 Be6 19. Bd2 Qd7 20. Na3 Bg4 21. Bf3 Bh3 22. Rfb1 b6 23. Bxb4 Bxb4 24. Nc2 Bc5 25. Ne1 Be6 26. Rb5 g5 27. Qf2 Qd6 28. Ng2 Bd7 29. Rf1 Qh6 30. h4 Bxb5 31. cxb5 gxh4 32. Bg4 Qg6 33. gxh4 Ra7 34. Bd1 Rh6 35. h5 Qg5 36. Kh2 f6 37. Nh4 Rah7 38. Rg1 Rxh5 39. Bxh5+ Qxh5 40. Kh3 Be7 41. Rg8+ Kd7 42. Rg4 f5 43. Qxf5+ Qxf5 44. exf5 Rxh4+ 45. Rxh4 Bxh4 46. Kxh4 e4 47. Kg3 e3 0-1

[Event "Ourense op"]
[Site "Ourense"]
[Date "2014.07.10"]
[Round "6"]
[White "Fernandez Borrego, Pablo"]
[Black "Strikovic, Aleksa"]
[Result "0-1"]
[WhiteElo "2341"]
[BlackElo "2542"]
[PlyCount "94"]
[EventDate "2014.07.07"]
[EventType "swiss"]
[EventRounds "9"]
[EventCountry "ESP"]
[SourceTitle "EXT 2016"]
[Source "ChessBase"]
[SourceDate "2015.10.08"]
[SourceVersion "1"]
[SourceVersionDate "2015.10.08"]
[SourceQuality "1"]

1. Nf3 d5 2. c4 dxc4 3. Qa4+ Nd7 4. Qxc4 Ngf6 5. d4 e6 6. g3 a6 7. Bg2 b5 8. Qc2 Bb7 9. 0-0 c5 10. Nc3 Rc8 11. dxc5 Bxc5 12. a3 0-0 13. Bg5 h6 14. Bxf6 Nxf6 15. Ne5 Bxg2 16. Kxg2 Bd4 17. Rad1 Qb6 18. Nf3 Bxc3 19. bxc3 Qa5 20. a4 Rxc3 21. Qd2 b4 22. Qd6 Rfc8 23. Rd4 b3 24. Rb1 Nd5 25. Qe5 Qb6 26. Rg4 f6 27. Qh5 f5 28. Rg6 Ne7 29. Qxh6 Nxg6 30. Qxg6 Qc6 31. h4 Rf8 32. h5 Rf6 33. Qg5 Kh7 34. Qf4 Rh6 35. Qh4 Qd5 36. Qb4 Rc2 37. Qxb3 Qxb3 38. Ng5+ Kg8 39. Rxb3 Kf8 40. Kf3 Ke7 41. g4 Kf6 42. Nh3 g5 43. Rb6 Rc4 44. e4 Rxe4 45. gxf5 Kxf5 46. Nxg5 Rf4+ 47. Ke3 Kxg5 0-1

[Event "ESP-chT CECLUB Div2"]
[Site "Ciudad Real"]
[Date "2013.08.10"]
[Round "5.1"]
[White "Genov, Petar"]
[Black "Fernandez Borrego, Pablo"]
[Result "1/2-1/2"]
[WhiteElo "2448"]
[BlackElo "2357"]
[PlyCount "40"]
[EventDate "2013.08.07"]
[EventType "team-swiss"]
[EventRounds "6"]
[EventCountry "ESP"]
[SourceTitle "CBM 155 Extra"]
[Source "ChessBase"]
[SourceDate "2013.08.26"]
[SourceVersion "1"]
[SourceVersionDate "2013.08.26"]
[SourceQuality "1"]
[WhiteTeam "Silla"]
[BlackTeam "Galicia"]
[WhiteTeamCountry "ESP"]
[BlackTeamCountry "ESP"]

1. Nf3 d5 2. g3 Nf6 3. Bg2 e6 4. 0-0 Be7 5. d3 0-0 6. Nbd2 c5 7. e4 Nc6 8. Re1 Re8 9. e5 Nd7 10. Nf1 b5 11. h4 a5 12. N1h2 b4 13. Bg5 Ba6 14. Ng4 Nd4 15. Bxe7 Nxf3+ 16. Qxf3 Qxe7 17. Qf4 a4 18. Rad1 Rac8 19. Bf1 Rb8 20. Rc1 Rec8 1/2-1/2